Crisol de la memoria de hacienda en el ecsamen de los análisis de ella. Año de 1825...

Detalles Bibliográficos
Formato: Libro
Lenguaje:Spanish
Publicado: s.l. : s.n., 1825?
Materias:
Colección:Banco de datos
Acervo:Fondo Bibliográfico Antiguo del Archivo Municipal de Orizaba
Descripción Física:70 p., [3] h. ; f°
Tema general:Historia civil
Notas:Texto a renglón seguido con paginación en números arábigos. Encuadernación en keratol
LEADER 00759nam a22001810004500
035 |a 1753 
041 0 |a spa 
245 1 0 |a Crisol de la memoria de hacienda en el ecsamen de los análisis de ella. Año de 1825... 
260 |a s.l. : s.n., 1825? 
300 |a 70 p., [3] h. ; f° 
500 |a Texto a renglón seguido con paginación en números arábigos. Encuadernación en keratol 
501 |a 8 obras 
504 |a Este documento impreso no tiene portada sino una rúbrica o título de partida al comienzo del texto de donde se ha tomado el título, mientras que el año del contenido del texto 
650 1 0 |a Historia civil 
949 |a 3286-B 
942 |c ORIZABA 
943 |g Fondo Bibliográfico Antiguo del Archivo Municipal de Orizaba 
999 |c 1103703  |d 1103703